Diagnóstico de los mediadores utilizados por DISSUR en los últimos tres años en los Sectores residencial, comercial e Industrial
Presenta un análisis de los tipos de medidores que son utilizados por la empresa distribuidora de energía en el sector sur de Nicaragua detallando su funcionamiento y sus características de operación, además presentamos su tipo de conexión a la red, de igual forma nos enfocamos en las principa...
| Main Authors: | , |
|---|---|
| Other Authors: | |
| Format: | Tesis Section = Libro |
| Language: | Undetermined Spanish |
| Published: |
Managua
UNI
2018
|
| Subjects: |
| LEADER | 01283nam a2200265Ia 4500 | ||
|---|---|---|---|
| 008 | 240830s9999 xx 000 0 und d | ||
| 040 | |a BIBLIOTECA-RUSB/ Mon 621.3745 L864 | ||
| 041 | |a spa | ||
| 082 | |a Mon 621.3745 L864 | ||
| 100 | 1 | |a López Medina, Erick José | |
| 100 | 1 | |b Amador López, Yesenia de los Ángeles | |
| 245 | 1 | 0 | |a Diagnóstico de los mediadores utilizados por DISSUR en los últimos tres años en los Sectores residencial, comercial e Industrial |
| 260 | |a Managua |b UNI |c 2018 | ||
| 300 | |a 72 p. :il. | ||
| 500 | |a Contiene: anexos e Incluye: CD. | ||
| 502 | |a Tesis (Ingeniero Electrónico) - UNI, 2018. | ||
| 520 | 3 | |a Presenta un análisis de los tipos de medidores que son utilizados por la empresa distribuidora de energía en el sector sur de Nicaragua detallando su funcionamiento y sus características de operación, además presentamos su tipo de conexión a la red, de igual forma nos enfocamos en las principales fallas que estos equipos presentan al estar en funcionamiento. | |
| 650 | 7 | |a MEDIDORES DE ENERGIA ELECTRICA | |
| 650 | 7 | |b SISTEMAS DE MEDIDAS-DISSUR | |
| 650 | 7 | |c MEDICION ELECTRICA | |
| 650 | 7 | |d CONSUMO DE ENERGIA I | |
| 700 | 1 | |a Tutor: |b Arcia Lacayo, Ramiro Antonio | |
| 942 | |c BK |2 ddc | ||
| 991 | |a TESIS | ||
| 999 | |c 20229 | ||